000
00201 a2200097 4500
001
2623
100
_a
Divine, D
245
_a
Six great sailors
260
_a
_b
Hamish Hamilton
_c
090
_c
1920
_d
1920
942
_a
NUST-CAE
_c
M
_c
10225
999
_c
237696
_d
237696